Derechos fundamentales y garantías constitucionales

Uloženo v:
Podrobná bibliografie
Hlavní autor: Nogueira Alcalá, Humberto (autor)
Médium: Kniha
Jazyk:španělština
Vydáno: Santiago, Chile Librotecnia 2013
Vydání:Tercera Edición
Témata:
Tagy: Přidat tag
Žádné tagy, Buďte první, kdo vytvoří štítek k tomuto záznamu!

MARC

LEADER 00000cam a2200000 a 4500
001 UCC6110
003 CL-VaPUC
005 20220830123348.0
008 181116e20130000cl |||||||||||||||||spa|d
999 |c 373144  |d 373142 
020 |a 9789567950874t.2 
040 |c Pontificia Universidad Católica de Valparaíso 
082 0 4 |a 342.83 NOG 2013  |2 21 
100 |a Nogueira Alcalá, Humberto  |e autor  |9 876107 
245 1 0 |a Derechos fundamentales y garantías constitucionales 
250 |a Tercera Edición  |b Actualizada  
260 |a Santiago, Chile   |b Librotecnia  |c 2013 
300 |a 4 tomos  
505 |a t.2: derechos del pensamiento libre, derechos de seguridad jurídica, derechos de libertad colectiva y derecho a un ambiente libre de contaminación t.3: derechos sociales fundamentales 
583 |a last modification  |c 20181116 13:40:00  |k Rodrigo Vera 
650 0 |a Derechos fundamentales   |9 254841 
650 7 |a GARANTIAS CONSTITUCIONALES  |2 CL-VaPUC  |9 600534 
852 |a BIBDER 
942 |c BK  |2 ddc 
945 |d 20181116 13:40:00  |a dcastane 
952 |0 0  |1 0  |3 erb  |4 0  |6 342_830000000000000_NOG_2013  |7 0  |8 A  |9 491119  |a BIBDER  |b BIBDER  |h t.2  |i 5083265  |l 12  |m 1  |o 342.83 NOG 2013  |p 5083265  |q 2025-05-30  |r 2025-04-08  |s 2025-04-08  |w 2019-11-24  |y BK  |z Catalogado en:20181116  |k DER 
952 |0 0  |1 0  |3 erb  |4 0  |6 342_830000000000000_NOG_2013  |7 0  |8 A  |9 491120  |a BIBDER  |b BIBDER  |d 2019-06-24  |e 22  |g 45600.00  |h t.3  |i 5554128  |l 3  |o 342.83 NOG 2013  |p 5554128  |r 2024-06-17  |s 2024-06-12  |v 45600.00  |w 2019-11-24  |y BK  |z Catalogado en:20190628  |k DER